000
00209nam a22000857a 4500
008
170116b xxu||||| |||| 00| 0 eng d
100
_9
2437
_a
Birumal
245
_a
Comprehensive Soccer
260
_a
New Delhi
_b
FP
_c
2009
999
_c
5479
_d
5479